000 00427nam a2200181Ia 4500
001 10433
005 20260306161832.0
008 260306t2013||||xx |||||||||||||| ||spa||
041 _aESP
082 _a928.61
_bE26
100 _aEdwards, Jorge
_eAUT
245 0 _aLos círculos morados:
_bmemorias I
260 _c2013
300 _a379 páginas :
_c23 cm.
650 _aGEN
654 _aCHU
942 _cLIB
_dJUS
_fJUS
_2ddc
_n
999 _c10433
_d10433